000 00776nam a2200205Ii 4500
003 JO-AjNU
008 230605s9999||||xx |||||||||||||| ||und||
040 _aJO-AjNU
_bara
_erda
_cJO-AjNU
041 _aara
050 1 4 _aBP135.I2632 2005
100 3 _aتاليف الحنبلي، أبو الفرج عبد الرحمن بن الجوزي؛ تحقيق وتفديم حسن السقاف,
_eauthor
_921440
245 0 0 _aدفع شبه اتشبيه بأكف التنزيه
250 _aط3
264 3 1 _aعمان: دار الامام النووي، 2005
300 _a320ص
336 _atext
_btxt
_2rdacontent
337 _aunmediated
_bn
_2rdamedia
338 _avolume
_bnc
_2rdacarrier
650 4 _aحديث شريف -جرح وتعديل - غقيدة اسلامية
_921441
999 _aA7447
_c11015
_d11015